=LDR 00000nam 2200000 4500 =001 INLIS000000000000790 =005 20200929091602 =035 ##$$a 0010-061300000000790 =008 200929################g##########0#ind## =041 ##$$a Ind =082 ##$$a 301.24 =090 ##$$a 301.24, Kri-c =100 ##$$a Krisnamurti, Bambang =245 1#$$a Cakrawala masa depan /$c Bambang Krisnamurthi =260 ##$$a Jakarta :$b Pembimbing masa,$c 1989 =300 ##$$a iv, 151 hlm ; $c 21 x 15 cm =650 #4$$a Perubahan Sosial =850 ##$$a NBPNMAT =020 ##$$a 979-8023-10-2 =084 ##$$a 301.24 KRI c =990 ##$$a DW99000837 =990 ##$$a DW99000838 =990 ##$$a 33.189/Hd.90